| 000 | 00420cam a22001337a 4500 | ||
|---|---|---|---|
| 008 | 180718b1976 xxu||||| |||| 00| 0 eng d | ||
| 082 | _aZ000 Z66 | ||
| 245 |
_aSociology of underdevelopment _cedited by Carle C. Zimmerman and Richard E. Duword |
||
| 260 |
_aJaipur _bRawat _c1976 |
||
| 300 | _a422p. | ||
| 650 | _aDeveloping countries --Economic conditions | ||
| 700 | _aDuword, Richard E. | ||
| 700 | _aZimmerman, Carle C. | ||
| 999 |
_c356689 _d356689 |
||